| 000 | 00000nam 2200000zi 4500 |
| 001 | 9.940585 |
| 003 | CaOODSP |
| 005 | 20241023102307 |
| 006 | m o d f |
| 007 | cr |n||||||||| |
| 008 | 240715t20242024onca o f000 0 fre d |
| 020 | |a9780660727875 |
| 040 | |aCaOODSP|bfre|erda|cCaOODSP |
| 043 | |an-cn--- |
| 086 | 1 |aPS84-242/2024F-PDF |
| 245 | 00|aModernisation du système de gestion des délinquant(e)s (MSGD) : |bphase 2 - rapport final d'audit. |
| 264 | 1|a[Ottawa] : |bService correctionnel du Canada, Secteur de l’audit interne et de l’évaluation, |c17 mars 2024. |
| 264 | 4|c©2024 |
| 300 | |a1 ressource en ligne (31 pages) : |billustrations |
| 336 | |atexte|btxt|2rdacontent/fre |
| 337 | |ainformatique|bc|2rdamedia/fre |
| 338 | |aressource en ligne|bcr|2rdacarrier/fre |
| 500 | |aPublié aussi en anglais sous le titre : Offender management system modernization (OMS-M) : phase 2 final audit report. |
| 610 | 26|aService correctionnel Canada|xAudit. |
| 650 | 6|aGestion de projet|zCanada|xAudit. |
| 650 | 6|aBases de données|xGestion|zCanada|xAudit. |
| 710 | 2 |aService correctionnel Canada, |eorganisme de publication. |
| 710 | 2 |aSamson et associés, |econsultant. |
| 775 | 08|tOffender management system modernization (OMS-M) : |w(CaOODSP)9.940584 |
| 856 | 40|qPDF|s750 Ko|uhttps://publications.gc.ca/collections/collection_2024/scc-csc/PS84-242-2024-fra.pdf |
| 856 | 4 |qHTML|sS.O.|uhttps://www.canada.ca/fr/service-correctionnel/organisation/transparence/rapports-audit-interne/msgd-3-17-2024.html |